00797 a2200157 45000010006000000050017000060080041000230030015000640400040000790800035001192450027001542640043001813000019002245050371002431000025006142983220260407155608.0260407a1970 arg spa dAR-UNSa-BCEJYS aAR-UNSa-BCEJYSbspacAR-UNSa-BCEJYS a657.47xContabilidad de Costos10aContabilidad de costos 1aBuenos Aires :bEdiciones Macchic1970 a211 p.c23 cm. a1. Elementos, clasificación y cuentas en la contabilidad de costos - 2. Materia prima y mano de obra - 3. Gastos indirectos de fabricación - 4. Costos por ordenes - 5. Costos por procesos - 6. Los costos en la producción conjunta - 7. Costos de distribución - 8. Costos estandard - 9. Costos estimados - 10. Costo-utilidad-volumen - 11. Costos diferenciales.1 aConti Amadei, Felipe